| 000 | 00421nam a2200157Ia 4500 | ||
|---|---|---|---|
| 008 | 231221s9999 xx 000 0 und d | ||
| 041 | _aEnglish | ||
| 082 | _a001.6424C BAL;1 R | ||
| 100 | _aBalagurusamy, E. | ||
| 245 | 0 | _aObject oriented programming with C++ | |
| 250 | _a2nd ed. | ||
| 260 |
_c2001 _bTata McGraw-Hill _aNew delhi |
||
| 300 | _axiv+533 | ||
| 650 | _aObject,oriented,programming,C++ | ||
| 942 | _cBC | ||
| 999 |
_c201974 _d201974 |
||